Statistiche per Riconosci lo Stato - Quiz n°175

Clicka qui per fare il quiz!

Statistiche generali

  • Questo quiz è stato fatto 7 volte
  • Il punteggio medio è 11 su 13

Statistiche sulle risposte

IndizioRisposta% Corretto
Indipendenzadal Regno Unito il 10 ottobre 1970
100%
Iniziale della CapitaleS
100%
Fuso OrarioUTC+12
100%
Tasso di crescita0,73%
75%
ISU0,743
75%
Superficie18 274 km²
75%
PIL (nominale)4 533 milioni di $
75%
Popolazione896.444 ab.
75%
ValutaDollaro
75%
RispostaFigi
75%
Forma di GovernoRepubblica parlamentare
75%
Primo ministroSitiveni Rabuka
75%
Presidente della RepubblicaWiliame Katonivere
75%

Distribuzione punteggi

Percentile per numero di risposta

Percentuale di utenti per punteggio

I tuoi punteggi nel tempo

Non hai fatto questo quiz